Ultimate Arrowverse names - Statistics

General Stats
  • This quiz has been taken 182 times
  • The average score is 42 of 59
Answer Stats
surname Answer % Correct
Oliver
99%
Allen Barry
97%
Diggle John
96%
Constantine John
96%
wells Harrison
92%
Iris
92%
Queen Thea
92%
Ramon Cisco
91%
Kara
91%
Lance Sara
91%
Snow Caitlin
90%
felicity
90%
West Joe
90%
Lex
90%
Kent Clark
89%
Laurel
89%
Palmer Ray
89%
Terriill Ray
89%
Darhk Damien
88%
Snart Leonard
87%
Lois
85%
Tommy
84%
Luthor Lena
83%
Merlyn Malcolm
83%
Danvers Alex
82%
Rory Mick
82%
Eobard
81%
Stein Martin
79%
Quentin
77%
Hunter Rip
77%
Heywood Nate
74%
Nora
74%
Thawne Eddie
73%
Sharpe Ava
72%
Jackson Jefferson
72%
Kane Kate
71%
Olsen James
68%
Schott Winn
67%
J'onzz J'onn
65%
Grant Cat
64%
Smoak Mia
63%
Jiwe Amaya
62%
Nal Nia
60%
Zari
59%
Saunders Kendra
52%
Raymond Ronnie
51%
Tomaz Behrad
48%
Greene Gary
47%
Lillian
47%
Sawyer Maggie
42%
Beth/alice
41%
Lane Lucy
41%
Jeremiah
38%
Kelly
38%
arias Samantha
37%
Eliza
36%
Ruby
34%
Jacob
23%
Strayd Lyra
21%
No matching quizzes found
Score Distribution
Percent of People with Each Score
Percentile by Number Answered
Your Score History
You have not taken this quiz